[Event "Tenerife-chT Primera"]
[Site "Tenerife"]
[Date "2025.02.22"]
[Round "10.4"]
[White "Gonzalez Curbelo, Paula"]
[Black "Mora Hernandez, Enrique"]
[Result "1-0"]
[WhiteElo "1762"]
[BlackElo "1641"]
[PlyCount "42"]
[EventDate "2024.11.09"]
[EventType "team-tourn"]
[EventRounds "14"]
[EventCountry "ESP"]
[SourceTitle "CB14_2025"]
[SourceDate "2024.11.01"]
[SourceVersion "1"]
[SourceVersionDate "2024.11.01"]
[SourceQuality "1"]
[WhiteTeam "Lasker Isora"]
[BlackTeam "Piratas La Orotava"]
[WhiteTeamCountry "ESP"]
[BlackTeamCountry "ESP"]

1. d4 Nf6 2. Nf3 d5 3. Bf4 e6 4. e3 c5 5. c3 Nc6 6. Bd3 cxd4 7. exd4 Bd6 8. Be3 Qc7 9. h3 Bd7 10. Nbd2 Qb6 11. Rb1 h6 12. Ne5 Qc7 13. Nxd7 Qxd7 14. Nf3 0-0 15. 0-0 Rac8 16. Nd2 Qe7 17. f4 Na5 18. Nf3 Nc4 19. Bc1 Nh5 20. Ne5 Qh4 21. Rf3 f6 1-0

[Event "Tenerife-chT Primera"]
[Site "Tenerife"]
[Date "2023.05.13"]
[Round "13"]
[White "Calcerrada Lopez, Enrique"]
[Black "Gonzalez Curbelo, Paula"]
[Result "1/2-1/2"]
[WhiteElo "1835"]
[BlackElo "1640"]
[PlyCount "92"]
[EventDate "2023.01.14"]
[EventType "team-tourn"]
[EventRounds "14"]
[EventCountry "ESP"]
[SourceTitle "EXT 2024"]
[Source "ChessBase"]
[SourceDate "2023.10.10"]
[SourceVersion "1"]
[SourceVersionDate "2023.10.10"]
[SourceQuality "1"]
[WhiteTeam "Circulo de Amistad XII Enero II"]
[BlackTeam "Playa San Juan"]
[WhiteTeamCountry "ESP"]
[BlackTeamCountry "ESP"]

1. Nf3 Nf6 2. b3 g6 3. Bb2 Bg7 4. g3 0-0 5. Bg2 d5 6. 0-0 c5 7. d4 cxd4 8. Nbd2 Nc6 9. Nxd4 Re8 10. c4 e5 11. Nxc6 bxc6 12. cxd5 cxd5 13. e3 Bb7 14. Qe2 Qb6 15. Rfc1 a5 16. a4 Nd7 17. Qb5 Qxb5 18. axb5 Rec8 19. Nf3 Nc5 20. Bxe5 Nxb3 21. Rxc8+ Rxc8 22. Rb1 a4 23. Bxg7 Kxg7 24. Bf1 Rc1 25. Rxc1 Nxc1 26. Nd4 a3 27. Nc2 a2 28. Na1 Kf6 29. f4 Ke7 30. Kf2 d4 31. Bc4 Be4 32. exd4 Nd3+ 33. Ke3 Nb2 34. Bxa2 Bd3 35. b6 Ba6 36. Bd5 Kd6 37. b7 Kc7 38. b8Q+ Kxb8 39. Bxf7 Bd3 40. Nb3 Bf5 41. Nc5 Kc7 42. Be6 Bb1 43. d5 Nc4+ 44. Kd4 Nd2 45. d6+ Kxd6 46. Bg4 Nf1 1/2-1/2

[Event "Tenerife-chT Primera"]
[Site "Tenerife"]
[Date "2023.03.04"]
[Round "6.4"]
[White "Febles Dominguez, Alfonso Jesus"]
[Black "Gonzalez Curbelo, Paula"]
[Result "0-1"]
[WhiteElo "1256"]
[BlackElo "1640"]
[PlyCount "98"]
[EventDate "2023.01.14"]
[EventType "team-tourn"]
[EventRounds "14"]
[EventCountry "ESP"]
[SourceTitle "EXT 2024"]
[Source "ChessBase"]
[SourceDate "2023.10.10"]
[SourceVersion "1"]
[SourceVersionDate "2023.10.10"]
[SourceQuality "1"]
[WhiteTeam "Circulo de Amistad XII Enero II"]
[BlackTeam "Playa San Juan"]
[WhiteTeamCountry "ESP"]
[BlackTeamCountry "ESP"]

1. e4 c5 2. Nf3 d6 3. d4 cxd4 4. Nxd4 Nf6 5. Nc3 g6 6. Bd3 Bg7 7. Nb3 Nc6 8. 0-0 0-0 9. Re1 a6 10. f3 b5 11. Be3 Be6 12. Qc1 b4 13. Nd5 Nxd5 14. exd5 Bxd5 15. Bh6 a5 16. Bxg7 Kxg7 17. Be4 Bxe4 18. Rxe4 Qb6+ 19. Kh1 a4 20. Rh4 h5 21. Nd2 Qf2 22. Rc4 Rfc8 23. Ne4 Qb6 24. Ng3 Nd4 25. Rxc8 Rxc8 26. Qg5 Rxc2 27. Nxh5+ Kf8 28. Qh6+ Ke8 29. Nf4 Qc5 30. Nd3 Qc4 31. Rd1 Re2 32. Qh8+ Kd7 33. h3 Qc2 34. Qxd4 Qxd1+ 35. Kh2 Qc2 36. Qa7+ Kd8 37. Nf4 Rd2 38. Qa8+ Qc8 39. Qa5+ Qc7 40. Qa8+ Qc8 41. Qxa4 Rxb2 42. Qa5+ Ke8 43. Qb5+ Kf8 44. a3 bxa3 45. Qd5 Qc5 46. Qa8+ Kg7 47. Nd3 Qc2 48. Ne1 Qc3 49. Qe4 Qe5+ 0-1

[Event "Tenerife-chT Preferente Relegation"]
[Site "Tenerife"]
[Date "2022.06.04"]
[Round "1.4"]
[White "Camacho Hernandez, Francisco"]
[Black "Gonzalez Curbelo, Paula"]
[Result "1-0"]
[WhiteElo "1701"]
[BlackElo "1636"]
[PlyCount "73"]
[EventDate "2022.06.04"]
[EventType "team-match"]
[EventRounds "2"]
[EventCountry "ESP"]
[SourceTitle "EXT 2024"]
[Source "ChessBase"]
[SourceDate "2023.10.10"]
[SourceVersion "1"]
[SourceVersionDate "2023.10.10"]
[SourceQuality "1"]
[WhiteTeam "Circulo de Amistad XII Enero"]
[BlackTeam "Playa San Juan"]
[WhiteTeamCountry "ESP"]
[BlackTeamCountry "ESP"]

1. c4 Nf6 2. Nc3 g6 3. g3 Bg7 4. Bg2 0-0 5. Nf3 d6 6. 0-0 c5 7. Rb1 Bf5 8. d3 Nc6 9. a3 a5 10. Nd5 Nxd5 11. cxd5 Nb8 12. b3 b5 13. Bb2 Bc8 14. Bxg7 Kxg7 15. Qc1 Nd7 16. d4 Bb7 17. dxc5 dxc5 18. Rd1 Qb6 19. e4 Nf6 20. Qb2 Kg8 21. Ne5 Rfc8 22. a4 b4 23. Rbc1 Ne8 24. Ng4 Ng7 25. Rd3 Ba6 26. Nh6+ Kf8 27. Rf3 f6 28. e5 Ne8 29. d6 exd6 30. e6 Qd8 31. g4 Qe7 32. Re1 Rc7 33. g5 Qg7 34. gxf6 Qxh6 35. e7+ Kf7 36. Rh3 Qg5 37. Rxh7+ 1-0

[Event "Tenerife-chT Primera"]
[Site "Tenerife"]
[Date "2021.10.02"]
[Round "13.3"]
[White "Baez Luis, Adrian"]
[Black "Gonzalez Curbelo, Paula"]
[Result "1-0"]
[WhiteElo "1622"]
[BlackElo "1656"]
[PlyCount "81"]
[EventDate "2021.02.27"]
[EventType "team-tourn"]
[EventRounds "14"]
[EventCountry "ESP"]
[SourceTitle "EXT 2023"]
[Source "ChessBase"]
[SourceDate "2022.10.05"]
[SourceVersion "1"]
[SourceVersionDate "2022.10.05"]
[SourceQuality "1"]
[WhiteTeam "Ebano Barrio Nuevo II"]
[BlackTeam "Playa San Juan"]
[WhiteTeamCountry "ESP"]
[BlackTeamCountry "ESP"]

1. e4 c5 2. Nf3 d6 3. d4 cxd4 4. Nxd4 Nc6 5. Nc3 Nf6 6. f3 g6 7. Be3 Bg7 8. Qd2 0-0 9. Bc4 Bd7 10. 0-0-0 Rc8 11. Bb3 Nxd4 12. Bxd4 a5 13. a4 Qe8 14. Bb6 Rc6 15. Qe3 Qa8 16. Nd5 Nxd5 17. exd5 Bh6 18. Qxh6 Rxb6 19. h4 f6 20. Qe3 Qd8 21. h5 g5 22. h6 Rb4 23. Rd4 Rxd4 24. Qxd4 Qc7 25. f4 g4 26. Rh5 Kf7 27. Qe4 f5 28. Qd4 Qc5 29. Qg7+ Ke8 30. Kb1 Qe3 31. Qxh7 Qd4 32. Qg6+ Kd8 33. h7 Qh8 34. Rg5 Be8 35. Qg8 Bf7 36. Qxh8 Rxh8 37. Rg7 Be8 38. c3 Kc7 39. Bc2 Bd7 40. Rxe7 Kd8 41. Rg7 1-0

[Event "San Cristobal de La Laguna op 3rd"]
[Site "San Cristobal de La Laguna"]
[Date "2021.08.28"]
[Round "1"]
[White "Camacho Collados, Marcos"]
[Black "Gonzalez Curbelo, Paula"]
[Result "1-0"]
[WhiteElo "2409"]
[BlackElo "1655"]
[PlyCount "37"]
[EventDate "2021.08.28"]
[EventType "swiss"]
[EventRounds "9"]
[EventCountry "ESP"]
[SourceTitle "CBM 204 Extra"]
[Source "ChessBase"]
[SourceDate "2021.11.30"]
[SourceVersion "1"]
[SourceVersionDate "2021.11.30"]
[SourceQuality "1"]

1. d4 Nf6 2. Nf3 g6 3. Nc3 Bg7 4. e4 d6 5. h3 0-0 6. Be3 Nc6 7. d5 Nb8 8. Be2 e5 9. dxe6 Bxe6 10. Qd2 Nc6 11. Rd1 Re8 12. 0-0 Ne7 13. Bg5 Nd7 14. Rfe1 Nb6 15. b3 f6 16. Be3 d5 17. Bxb6 dxe4 18. Nd4 Bf7 19. Bc5 1-0

[Event "Tenerife-chT Primera"]
[Site "Tenerife"]
[Date "2021.05.15"]
[Round "6.2"]
[White "Cabrera Gomez, Tomas"]
[Black "Gonzalez Curbelo, Paula"]
[Result "1/2-1/2"]
[WhiteElo "1644"]
[BlackElo "1656"]
[PlyCount "52"]
[EventDate "2021.02.27"]
[EventType "team-tourn"]
[EventRounds "14"]
[EventCountry "ESP"]
[SourceTitle "EXT 2023"]
[Source "ChessBase"]
[SourceDate "2022.10.05"]
[SourceVersion "1"]
[SourceVersionDate "2022.10.05"]
[SourceQuality "1"]
[WhiteTeam "Ebano Barrio Nuevo II"]
[BlackTeam "Playa San Juan"]
[WhiteTeamCountry "ESP"]
[BlackTeamCountry "ESP"]

1. e4 c5 2. Nf3 d6 3. d4 cxd4 4. Nxd4 Nf6 5. Nc3 g6 6. Bc4 Bg7 7. Be3 Nc6 8. f3 Bd7 9. Bb3 Na5 10. Qd2 0-0 11. g4 Nxb3 12. axb3 e5 13. Nde2 Qe7 14. Ng3 Rad8 15. h4 Be6 16. Bg5 Qc7 17. Bxf6 Bxf6 18. g5 Bh8 19. h5 Rd7 20. hxg6 fxg6 21. Nd5 Qc6 22. c4 Rff7 23. Qe3 Bxd5 24. cxd5 Qc2 25. 0-0 Qxb2 26. Ne2 b6 1/2-1/2

[Event "Tenerife-chT Primera 1920"]
[Site "Tenerife "]
[Date "2020.02.15"]
[Round "7.3"]
[White "Quintero Perdomo, Alberto"]
[Black "Gonzalez Curbelo, Paula"]
[Result "1-0"]
[WhiteElo "1743"]
[BlackElo "1615"]
[PlyCount "76"]
[EventDate "2019.11.30"]
[EventType "team-tourn"]
[EventRounds "14"]
[EventCountry "ESP"]
[SourceTitle "CBM 195 Extra"]
[Source "ChessBase"]
[SourceDate "2020.05.31"]
[SourceVersion "1"]
[SourceVersionDate "2020.05.31"]
[SourceQuality "1"]
[WhiteTeam "Ciberjaque Universidad"]
[BlackTeam "Playa San Juan"]
[WhiteTeamCountry "ESP"]
[BlackTeamCountry "ESP"]

1. Nf3 c5 2. g3 g6 3. Bg2 Bg7 4. 0-0 Nf6 5. d3 0-0 6. e4 Nc6 7. h3 d6 8. Nc3 Rb8 9. Nh4 Nh5 10. Kh2 e5 11. Nd5 Ne7 12. Nf5 Nxf5 13. exf5 Nf6 14. fxg6 fxg6 15. Bg5 Qe8 16. Bxf6 Bxf6 17. c4 Bg7 18. Rb1 Kh8 19. b4 b6 20. b5 Rf7 21. a4 Be6 22. Rb3 Qc8 23. Ra3 Qf8 24. Qe1 Bf5 25. a5 Bc8 26. axb6 axb6 27. Qe2 Bh6 28. Kg1 Bg5 29. Nc3 Bb7 30. Bxb7 Rfxb7 31. Rfa1 Qf5 32. Kg2 Bf6 33. Qe4 Qe6 34. Ra8 Kg7 35. Rxb8 Rxb8 36. Ra7+ Kh6 37. Qe3+ g5 38. Qe4 Bd8 1-0

[Event "Tenerife-chT Primera 1920"]
[Site "Tenerife "]
[Date "2020.01.04"]
[Round "4.3"]
[White "Gonzalez Curbelo, Paula"]
[Black "Diaz Reyes, Killian"]
[Result "1/2-1/2"]
[WhiteElo "1615"]
[BlackElo "1734"]
[PlyCount "77"]
[EventDate "2019.11.30"]
[EventType "team-tourn"]
[EventRounds "14"]
[EventCountry "ESP"]
[SourceTitle "CBM 195 Extra"]
[Source "ChessBase"]
[SourceDate "2020.05.31"]
[SourceVersion "1"]
[SourceVersionDate "2020.05.31"]
[SourceQuality "1"]
[WhiteTeam "Playa San Juan"]
[BlackTeam "Fundacion La Caja de Canarias II"]
[WhiteTeamCountry "ESP"]
[BlackTeamCountry "ESP"]

1. d4 d5 2. Nf3 c5 3. c3 Nc6 4. Bf4 Nf6 5. e3 Bg4 6. Be2 e6 7. Nbd2 Nh5 8. Bg5 f6 9. Bh4 g5 10. Nxg5 fxg5 11. Bxg4 Ng7 12. Bh5+ Kd7 13. Bg3 Qb6 14. Rb1 Qa5 15. 0-0 cxd4 16. exd4 Qxa2 17. Qf3 Be7 18. Qf7 Rhg8 19. Ra1 Qxa1 20. Rxa1 Raf8 21. Qxg8 Rxg8 22. Be2 Nf5 23. Nf1 Bd6 24. Bxd6 Nxd6 25. Ne3 Rf8 26. Bg4 Ne4 27. f3 Nf6 28. Bh3 Kd6 29. Re1 Nh5 30. Bg4 Nf4 31. g3 h5 32. gxf4 hxg4 33. fxg4 Rxf4 34. h3 b5 35. Nc2 a5 36. Kg2 e5 37. dxe5+ Nxe5 38. Nd4 b4 39. Ra1 1/2-1/2

[Event "Santa Cruz de Tenerife op 30th"]
[Site "Santa Cruz de Tenerife"]
[Date "2019.12.27"]
[Round "9"]
[White "Perez Barreto, Adrian"]
[Black "Gonzalez Curbelo, Paula"]
[Result "1-0"]
[WhiteElo "2000"]
[BlackElo "1615"]
[PlyCount "45"]
[EventDate "2019.12.13"]
[EventType "swiss"]
[EventRounds "9"]
[EventCountry "ESP"]
[SourceTitle "CBM 194 Extra"]
[Source "ChessBase"]
[SourceDate "2020.03.31"]
[SourceVersion "1"]
[SourceVersionDate "2020.03.31"]
[SourceQuality "1"]

1. e4 c5 2. Nf3 d6 3. d4 cxd4 4. Nxd4 Nf6 5. Nc3 g6 6. Be3 Bg7 7. f3 Nc6 8. Qd2 Bd7 9. 0-0-0 Rc8 10. g4 0-0 11. h4 Nxd4 12. Bxd4 Be6 13. h5 Qa5 14. a3 Nd7 15. hxg6 Bxd4 16. gxh7+ Kh8 17. Qxd4+ Qe5 18. Qe3 Nf6 19. g5 Nxh7 20. f4 Qg7 21. Bh3 f5 22. Rdg1 Qg6 23. exf5 1-0

[Event "Tenerife-chT Primera 1718"]
[Site "Tenerife"]
[Date "2018.01.13"]
[Round "6.4"]
[White "Cruz Diaz, Felipe"]
[Black "Gonzalez Curbelo, Paula"]
[Result "1-0"]
[WhiteElo "1630"]
[BlackElo "1518"]
[PlyCount "64"]
[EventDate "2017.11.11"]
[EventType "team-tourn"]
[EventRounds "14"]
[EventCountry "ESP"]
[SourceTitle "CBM 187 Extra"]
[Source "ChessBase"]
[SourceDate "2018.11.04"]
[SourceVersion "1"]
[SourceVersionDate "2018.11.04"]
[SourceQuality "1"]
[WhiteTeam "Al Shah Mat Los Realejos III"]
[BlackTeam "Playa San Juan III"]
[WhiteTeamCountry "ESP"]
[BlackTeamCountry "ESP"]

1. d4 Nf6 2. c4 g6 3. Nc3 Bg7 4. Bf4 0-0 5. h3 d6 6. e3 Nc6 7. Nf3 Qe8 8. Be2 e5 9. dxe5 dxe5 10. Bh2 Bf5 11. Qb3 b6 12. 0-0 Nd7 13. Rad1 Nc5 14. Qa3 a5 15. Nd5 Rc8 16. b3 Be4 17. Rd2 f6 18. Rfd1 Ne7 19. Ne1 Bxd5 20. cxd5 Rd8 21. b4 Ne4 22. Rd3 axb4 23. Qxb4 Nd6 24. Rc3 Rc8 25. Ba6 Ra8 26. Rxc7 Qd8 27. Rc6 Nxc6 28. dxc6 Rxa6 29. Rxd6 Qe7 30. Qc4+ Kh8 31. Rd7 Qa3 32. Rc7 Raa8 1-0

[Event "Tenerife-chT Primera 1617"]
[Site "Tenerife"]
[Date "2017.03.25"]
[Round "10.3"]
[White "Mukhi Talreja, Ishita Tina"]
[Black "Gonzalez Curbelo, Paula"]
[Result "1-0"]
[WhiteElo "1484"]
[BlackElo "1325"]
[PlyCount "69"]
[EventDate "2016.12.10"]
[EventType "team-tourn"]
[EventRounds "14"]
[EventCountry "ESP"]
[SourceTitle "EXT 2018"]
[Source "ChessBase"]
[SourceDate "2017.10.13"]
[SourceVersion "1"]
[SourceVersionDate "2017.10.13"]
[SourceQuality "1"]
[WhiteTeam "Puerto de la Cruz Piratas"]
[BlackTeam "Playa San Juan"]
[WhiteTeamCountry "ESP"]
[BlackTeamCountry "ESP"]

1. d4 Nf6 2. Nf3 b5 3. g3 Bb7 4. Bg2 e6 5. 0-0 Be7 6. c3 0-0 7. Nbd2 c5 8. dxc5 Bxc5 9. Nb3 Bb6 10. Nbd4 a6 11. Bg5 h6 12. Bxf6 Qxf6 13. a4 b4 14. cxb4 Bxf3 15. Bxf3 d5 16. Nc2 Qxb2 17. Rb1 Qf6 18. e4 dxe4 19. Bxe4 Rd8 20. Qe2 Ra7 21. a5 Bd4 22. Nxd4 Rxd4 23. b5 axb5 24. Rxb5 Qd8 25. Qb2 Na6 26. Bb7 Nc7 27. Rc5 Rd7 28. Qb6 Rxb7 29. Qxb7 Qe7 30. Rfc1 Nd5 31. Rc8+ Kh7 32. Qb1+ g6 33. Rb8 Rc7 34. Rxc7 Nxc7 35. Qb7 1-0

[Event "Tenerife-chT Primera 1617"]
[Site "Tenerife"]
[Date "2017.01.21"]
[Round "4.3"]
[White "Padron Perez, Cayetano"]
[Black "Gonzalez Curbelo, Paula"]
[Result "0-1"]
[WhiteElo "1481"]
[BlackElo "1325"]
[PlyCount "86"]
[EventDate "2016.12.10"]
[EventType "team-tourn"]
[EventRounds "14"]
[EventCountry "ESP"]
[SourceTitle "CBM 176 Extra"]
[Source "ChessBase"]
[SourceDate "2017.03.02"]
[SourceVersion "1"]
[SourceVersionDate "2017.03.02"]
[SourceQuality "1"]
[WhiteTeam "Benito"]
[BlackTeam "Playa San Juan"]
[WhiteTeamCountry "ESP"]
[BlackTeamCountry "ESP"]

1. d4 g6 2. c4 Bg7 3. Nc3 c5 4. Nf3 cxd4 5. Nxd4 Nc6 6. Be3 Nf6 7. h3 d6 8. Qd2 Nxd4 9. Bxd4 Be6 10. b3 0-0 11. g3 Bd7 12. Bg2 Bc6 13. 0-0 Bxg2 14. Kxg2 Qa5 15. Qb2 e5 16. Be3 d5 17. Bd2 dxc4 18. e4 cxb3 19. axb3 Qc7 20. Rac1 Qe7 21. Bg5 Qe6 22. f3 Nd7 23. Nd5 f6 24. Be3 Rac8 25. Qa3 Rxc1 26. Rxc1 a6 27. Rc7 b5 28. Ra7 f5 29. Rxa6 Qe8 30. Ra7 fxe4 31. fxe4 Qf7 32. Qc1 Qf3+ 33. Kg1 Qxg3+ 34. Kh1 Qxh3+ 35. Kg1 Qg4+ 36. Kh1 Rf3 37. Qc8+ Bf8 38. Ra2 Rh3+ 39. Rh2 Qxe4+ 40. Kg1 Rg3+ 41. Kf1 Qxd5 42. Rd2 Qf3+ 43. Bf2 Rh3 0-1